<?xml version="1.0" encoding="UTF-8"?>
<marc:record xmlns:marc="http://www.loc.gov/MARC21/slim">
   <marc:leader>00000nam a2200000 a 4500</marc:leader>
   <marc:datafield ind1="1" ind2=" " tag="100">
      <marc:subfield code="a">Wood, James</marc:subfield>
      <marc:subfield code="4">aut</marc:subfield>
      <marc:subfield code="e">Verfasser/-in</marc:subfield>
   </marc:datafield>
   <marc:datafield ind1="0" ind2="0" tag="245">
      <marc:subfield code="a">Upstate</marc:subfield>
   </marc:datafield>
   <marc:datafield ind1="0" ind2="0" tag="245">
      <marc:subfield code="b">Roman</marc:subfield>
   </marc:datafield>
   <marc:datafield ind1="0" ind2="0" tag="245">
      <marc:subfield code="c">James Wood</marc:subfield>
   </marc:datafield>
   <marc:datafield ind1=" " ind2="1" tag="264">
      <marc:subfield code="a">Hamburg</marc:subfield>
      <marc:subfield code="b">Rowohlt</marc:subfield>
      <marc:subfield code="c">2019</marc:subfield>
   </marc:datafield>
   <marc:datafield ind1=" " ind2=" " tag="250">
      <marc:subfield code="a">Deutsche Erstausgabe</marc:subfield>
   </marc:datafield>
   <marc:datafield ind1="1" ind2=" " tag="520">
      <marc:subfield code="a">Angaben aus der Verlagsmeldung

Upstate Upstate Wood, Upstate / von James Wood

Alan Querry, ein erfolgreicher Bauentwickler aus Nordengland, hat zwei Töchter: Vanessa ist Philosophin und lehrt in Saratoga Springs, New York; Helen arbeitet für ein internationales Musiklabel mit Sitz in London. Die Schwestern haben sich nie richtig von der bitteren Trennung ihrer Eltern und dem frühen Tod ihrer Mutter erholt, vor allem Vanessa nicht, die immer wieder in Depressionen verfällt. Beim jüngsten Schub fliegen Alan und Helen nach Saratoga Springs. Im Verlauf von sechs Wintertagen upstate beginnen die Querrys mit den Fragen zu ringen, die diesen Roman so eindringlich machen: Warum fällt manchen Menschen das Leben so viel schwerer als anderen? Kann Glücklichsein gelernt werden, oder wird man einfach so geboren? Hilft nachdenken? Wenn, wie Vanessas Lieblingsphilosoph sich ausdrückt, "das Leben selbst das einzig ernsthafte Unternehmen" ist, wie sollten wir dann leben?
"Upstate" ist ein tiefgründiger Roman, reich an menschlicher Einsicht, fein gezeichneten Charakteren und voll mit jenen Dingen, die uns in unseren stillsten Momenten beschäftigen.
</marc:subfield>
   </marc:datafield>
   <marc:datafield ind1=" " ind2=" " tag="020">
      <marc:subfield code="a">9783498074067</marc:subfield>
      <marc:subfield code="9">9783498074067</marc:subfield>
   </marc:datafield>
   <marc:datafield ind1=" " ind2=" " tag="020">
      <marc:subfield code="a">3498074067</marc:subfield>
      <marc:subfield code="9">3498074067</marc:subfield>
   </marc:datafield>
   <marc:datafield ind1=" " ind2=" " tag="300">
      <marc:subfield code="a">298 Seiten</marc:subfield>
   </marc:datafield>
</marc:record>
